ARRUPE JESUIT UNIVERSITY

CORONAVIRUS -STOP THE SPREAD - CLEAN,DISINFECT,COVER

African societies (Record no. 13309)

MARC details
000 -LEADER
fixed length control field 00495nam a2200181Ia 4500
003 - CONTROL NUMBER IDENTIFIER
control field 0100
005 - DATE AND TIME OF LATEST TRANSACTION
control field 20220524083038.0
008 - FIXED-LENGTH DATA ELEMENTS--GENERAL INFORMATION
fixed length control field 130303s9999 xx 000 0 und d
020 ## - INTERNATIONAL STANDARD BOOK NUMBER
International Standard Book Number 521204426
040 ## - CATALOGING SOURCE
Transcribing agency ARRUPELIB
050 ## - LIBRARY OF CONGRESS CALL NUMBER
Classification number GN645.M27 1974
300 ## - PHYSICAL DESCRIPTION
Dimensions 22cm.
100 ## - MAIN ENTRY--PERSONAL NAME
Personal name Mair, Lucy Philip
9 (RLIN) 43901
245 ## - TITLE STATEMENT
Title African societies
Statement of responsibility, etc Lucy Mair
260 ## - PUBLICATION, DISTRIBUTION, ETC. (IMPRINT)
Place of publication, distribution, etc London
Name of publisher, distributor, etc Cambridge University Press
Date of publication, distribution, etc 1974
300 ## - PHYSICAL DESCRIPTION
Extent v, 251p. ; maps
700 ## - ADDED ENTRY--PERSONAL NAME
Personal name Lucy Philip Mair
9 (RLIN) 51796
942 ## - ADDED ENTRY ELEMENTS (KOHA)
Source of classification or shelving scheme Library of Congress Classification
Koha item type Monograph ( Printed materials)
Holdings
Withdrawn status Lost status Source of classification or shelving scheme Damaged status Not for loan Collection code Home library Current library Shelving location Date acquired Total Checkouts Full call number Barcode Date last seen Copy number Price effective from Koha item type
    Library of Congress Classification     Main Collection ARRUPE LIBRARY ARRUPE LIBRARY Main Collection 04/03/2013   GN645.M27 1974 46003044152 09/04/2018 1 04/03/2013 Monograph ( Printed materials)
    Library of Congress Classification     Main Collection ARRUPE LIBRARY ARRUPE LIBRARY Main Collection 24/05/2022   GN645.M27 1974 46700000005 24/05/2022   24/05/2022 Monograph ( Printed materials)

 

Arrupe Library. PO Box MP320 Mt Pleasant, Harare, Zimbabwe
263 242 745411|librarian@aju.ac.zw